000 00288nam a22001337a 4500
008 170315b xxu||||| |||| 00| 0 eng d
020 _a0716716718266
041 _aeng
080 _23 ED
_a591
100 _a7
101 _aSHM
245 _aANIMAL PHYSIOLOGY
_cECKERT.R
942 _2udc
_cBK
999 _c7800
_d7800